00740nam a2200157 a 450000100100000000500170001000800410002704000250006808200230009324500470011626000670016330000200023050001160025095201990036699900170056500004616320201002052658.0150630s1993 dr 000 0 spa d aDO-SdBNPbspacBNPHU axxxxxxxxbxxxxxxxx03aLa obra educativa del presidente Balaguer. aSanto Domingo :bSecretaría de Estado de Educación,c1993. a31 p. ;c22 cm. aConferencia dictada por la Lic. Jacqueline Malagón, Secretaria de Estado de Educación Bellas Artes y Culto. 0010718PDaPDbPDcHDd2015-06-30iLF1l0oxxxxxxxx xxxxxxxxp46163-10r2020-06-25w2020-06-25yLFPDzPerteneció a la biblioteca personal de Chiqui Vicioso / Fidelio Despradel.ZNo se presta c45652d45652